Języki urzędowe Ameryki Południowej - Statystyki

Ogólne statystyki
  • Ten quiz został rozwiązany 129 razy
  • Średni wynik to 14 z 18
Statystyki odpowiedzi
Państwo Języki % Poprawnych
Argentyna hiszpański
100%
Boliwia hiszpański
100%
Chile hiszpański
100%
Ekwador hiszpański
100%
Kolumbia hiszpański
100%
Paragwaj hiszpański
100%
Peru hiszpański
100%
Urugwaj hiszpański
100%
Wenezuela hiszpański
100%
Brazylia portugalski
99%
Gujana angielski
92%
Trynidad i Tobago angielski
92%
Gujana Francuska francuski
91%
Surinam niderlandzki
54%
Boliwia keczua
30%
Kolumbia keczua
30%
Peru keczua
30%
Paragwaj guarani
19%
Nie znaleziono quizów pasujących do podanych kryteriów
Rozkład punktacji
Procent ludzi z każdym wynikiem
Percentyl według liczby udzielonych odpowiedzi
Twoja historia wyników
Nie rozwiązałeś tego quizu